| 000 | 00517nam a22001817a 4500 | ||
|---|---|---|---|
| 003 | CEME | ||
| 005 | 20210628202907.0 | ||
| 008 | 210126b xxu||||| |||| 00| 0 eng d | ||
| 020 | _a1-56347-655-X | ||
| 040 | _c. | ||
| 082 | _a629.1 LON | ||
| 100 |
_aLonguski, Jim _962198 |
||
| 245 | _aAdvice to rocket scientists a career survival guide for scientists and engineers | ||
| 260 |
_aNEW YORK _bAIAA _c2004 |
||
| 300 | _aIX, 86 P | ||
| 650 |
_aAEROSPACE ENGINEERING- VOCATIONAL GUIDANCE _962199 |
||
| 942 |
_cBK _2ddc |
||
| 999 |
_c571383 _d571383 |
||